Looking for the pre-hispanic Filipino and other essays in Philippine history / (Record no. 69098)

MARC details
000 -LEADER
fixed length control field 00758nam a22002297a 4500
003 - CONTROL NUMBER IDENTIFIER
control field URS
005 - DATE AND TIME OF LATEST TRANSACTION
control field 20230323144644.0
020 ## - INTERNATIONAL STANDARD BOOK NUMBER
International Standard Book Number 9711005247 (pbk)
040 ## - CATALOGING SOURCE
Language of cataloging English
Transcribing agency URS
Description conventions rda
050 ## - LIBRARY OF CONGRESS CALL NUMBER
Classification number DS674
Item number .Sco86 2022
100 ## - MAIN ENTRY--PERSONAL NAME
9 (RLIN) 4324
Personal name Scott, William Henry,
Relator term author.
245 ## - TITLE STATEMENT
Title Looking for the pre-hispanic Filipino and other essays in Philippine history /
Statement of responsibility, etc William Henry Scott.
264 ## - PUBLICATION, DISTRIBUTION, ETC. (IMPRINT)
Place of publication, distribution, etc Quezon City :
Name of publisher, distributor, etc New Day,
Date of publication, distribution, etc ©2022.
300 ## - PHYSICAL DESCRIPTION
Extent ix, 170 pages ;
Dimensions 22 cm.
336 ## - CONTENT TYPE
Source rdacontent
Content type term text
Content type code txt
337 ## - MEDIA TYPE
Source rdamedia
Media type term unmediated
Media type code n
338 ## - CARRIER TYPE
Source rdacarrier
Carrier type term volume
Carrier type code nc
504 ## - BIBLIOGRAPHY, ETC. NOTE
Bibliography, etc Includes bibliographical references.
650 #0 - SUBJECT ADDED ENTRY--TOPICAL TERM
9 (RLIN) 4320
Topical term or geographic name as entry element Historical essays.
650 #0 - SUBJECT ADDED ENTRY--TOPICAL TERM
9 (RLIN) 4322
Topical term or geographic name as entry element Philippines
Form subdivision History
General subdivision Literary works.
942 ## - ADDED ENTRY ELEMENTS (KOHA)
Source of classification or shelving scheme Library of Congress Classification
Koha item type Filipiniana
Holdings
Withdrawn status Lost status Source of classification or shelving scheme Damaged status Not for loan Collection code Home library Current library Shelving location Date acquired Source of acquisition Total Checkouts Full call number Barcode Date last seen Date checked out Copy number Koha item type
    Library of Congress Classification     Non-fiction Taytay College Library Taytay College Library Filipiniana Section 03/23/2023 Donation 1 DS674 .Sco86 2022 URSTAY-5094 06/02/2025 03/29/2023 1 Filipiniana

University of Rizal System
Email us at univlibservices@urs.edu.ph

Visit our Website www.urs.edu.ph/library